Culture Générale - Clic Quiz - La réponse est en emoji par IA #15 - Statistiques

Statistiques générales
  • Ce quiz a été pris 239 fois
  • Le résultat moyen est 21 sur 40
Statistiques - réponses
Hint Réponse % Correct
Zeus
95%
Zinédine Zidane
94%
Jean Dujardin
90%
Jules César
90%
Ça
90%
Louis XVI
89%
Charles De Gaulle
88%
Jamel Debbouze
88%
Florent Manaudou
87%
Vincent Cassel
81%
Luis Suarez
71%
Cardinal Richelieu
71%
Denzel Washington
70%
Coolio
61%
Tony Montana
60%
Stanislas Wawkinka
59%
Thierry Ardisson
59%
Adam Driver
57%
Emile Zola
57%
Jungkook
53%
Eddard "Ned" Stark
50%
Jeff Goldblum
43%
Joaquin Phoenix
41%
Leatherface
36%
Simon Cowell
35%
Bill Cosby
34%
Hozier
32%
Tim Robbins
31%
Humphrey Bogart
31%
Frank Zappa
30%
Michael Myers
30%
Jason Voorhees
29%
Jean-Luc Godard
28%
Saul Goodman
27%
Mustafa Kemal Atatürk
27%
John Cusack
24%
Henry Kissinger
24%
Bill Kaulitz
19%
El Risitas
18%
David Letterman
17%
Aucun quiz correspondant
Distribution des résultats
% des personnes avec chaque résultat
Percentile par nombre de réponses
Votre historique - résultats
Vous n’avez pas pris ce quiz